<?xml version="1.0" encoding="UTF-8"?>
<record
    xmlns:xsi="http://www.w3.org/2001/XMLSchema-instance"
    xsi:schemaLocation="http://www.loc.gov/MARC21/slim http://www.loc.gov/standards/marcxml/schema/MARC21slim.xsd"
    xmlns="http://www.loc.gov/MARC21/slim">

  <leader>02000nim a2200385 i 4500</leader>
  <controlfield tag="003">CO-BoRNBP</controlfield>
  <controlfield tag="005">20230508212056.0</controlfield>
  <controlfield tag="007">vd cvadzs</controlfield>
  <controlfield tag="008">21    s2009    ck 125 b |||| |0| mcmul d</controlfield>
  <datafield tag="020" ind1=" " ind2=" ">
    <subfield code="a">7506036008483</subfield>
  </datafield>
  <datafield tag="040" ind1=" " ind2=" ">
    <subfield code="a">CO-BoRNBP</subfield>
    <subfield code="b">spa</subfield>
    <subfield code="e">rda</subfield>
    <subfield code="c">CO-BoRNBP</subfield>
  </datafield>
  <datafield tag="041" ind1="1" ind2=" ">
    <subfield code="a">jpn</subfield>
    <subfield code="h">spa</subfield>
  </datafield>
  <datafield tag="082" ind1="0" ind2="4">
    <subfield code="a">791.43</subfield>
    <subfield code="b">T14r</subfield>
    <subfield code="2">22</subfield>
  </datafield>
  <datafield tag="100" ind1="1" ind2=" ">
    <subfield code="a">Takahata, Isao</subfield>
    <subfield code="d">1935-2018</subfield>
    <subfield code="e">autor</subfield>
    <subfield code="9">1864</subfield>
  </datafield>
  <datafield tag="245" ind1="1" ind2="0">
    <subfield code="a">Recuerdos del ayer</subfield>
    <subfield code="c">gui&#xF3;n y direcci&#xF3;n de Isao Takahata  ; producci&#xF3;n Hayao Miyazaki, Toshio Susuki</subfield>
  </datafield>
  <datafield tag="246" ind1="3" ind2="3">
    <subfield code="a">Only yesterday</subfield>
  </datafield>
  <datafield tag="250" ind1=" " ind2=" ">
    <subfield code="a">1a. edici&#xF3;n</subfield>
  </datafield>
  <datafield tag="264" ind1=" " ind2="1">
    <subfield code="a">M&#xE9;xico, M&#xE9;xico</subfield>
    <subfield code="b">Zima Enterteinment</subfield>
    <subfield code="b">Studio Ghibli</subfield>
    <subfield code="c">2010</subfield>
  </datafield>
  <datafield tag="300" ind1=" " ind2=" ">
    <subfield code="a">1 DVD (118 minutos)</subfield>
    <subfield code="b">est&#xE9;reo, color</subfield>
    <subfield code="c">19 cm</subfield>
  </datafield>
  <datafield tag="336" ind1=" " ind2=" ">
    <subfield code="2">rdacontent</subfield>
    <subfield code="a">imagen bidimensional en movimiento</subfield>
    <subfield code="b">tdi</subfield>
  </datafield>
  <datafield tag="337" ind1=" " ind2=" ">
    <subfield code="2">rdamedia</subfield>
    <subfield code="a">video</subfield>
    <subfield code="b">v</subfield>
  </datafield>
  <datafield tag="338" ind1=" " ind2=" ">
    <subfield code="2">rdacarrier</subfield>
    <subfield code="a">videodisco</subfield>
    <subfield code="b">vd</subfield>
  </datafield>
  <datafield tag="520" ind1="0" ind2="3">
    <subfield code="a">"Taeko se aproxima a los treinta a&#xF1;os de edad. Como  ocurre con todo aquel que se acerque al umbral de los 30 sin estar casado, ella tambi&#xE9;n debe soportar las exigencias de sus parientes, quienes la urgen a formar una familia. Un buen d&#xED;a, esta joven mujer decide escapar de su vida rutinariaen Tokio para reencontrarse con la tranquilidad del pueblo donde vivi&#xF3; su infancia, pero mucho m&#xE1;s all&#xE1; de un descanso, el regreso de Taeko a sus ra&#xED;ces significar&#xE1; un cambio definitivo en el curso de su vida y en el de la de alguien m&#xE1;s" Tomado del estuche

</subfield>
  </datafield>
  <datafield tag="521" ind1=" " ind2=" ">
    <subfield code="a">Recomendado para p&#xFA;blico infantil mayor de 9 a&#xF1;os	</subfield>
  </datafield>
  <datafield tag="546" ind1=" " ind2=" ">
    <subfield code="a">Pel&#xED;cula en japon&#xE9;s con subt&#xED;tulos en espa&#xF1;ol</subfield>
  </datafield>
  <datafield tag="650" ind1="1" ind2="7">
    <subfield code="a">Pel&#xED;culas cinematogr&#xE1;ficas japonesas</subfield>
    <subfield code="v">DVD</subfield>
    <subfield code="2">LEMB</subfield>
    <subfield code="9">1855</subfield>
  </datafield>
  <datafield tag="650" ind1="1" ind2="7">
    <subfield code="a">Pel&#xED;culas animadas japonesas</subfield>
    <subfield code="v">DVD</subfield>
    <subfield code="2">LEMB</subfield>
    <subfield code="9">1856</subfield>
  </datafield>
  <datafield tag="650" ind1="1" ind2="7">
    <subfield code="a">Recuerdos</subfield>
    <subfield code="v">DVD</subfield>
    <subfield code="2">LEMB</subfield>
    <subfield code="9">1865</subfield>
  </datafield>
  <datafield tag="650" ind1="1" ind2="7">
    <subfield code="a">Dibujos animados</subfield>
    <subfield code="v">DVD</subfield>
    <subfield code="2">LEMB</subfield>
    <subfield code="9">1858</subfield>
  </datafield>
  <datafield tag="650" ind1="1" ind2="7">
    <subfield code="a">Historias de aventuras</subfield>
    <subfield code="v">DVD</subfield>
    <subfield code="2">LEMB</subfield>
    <subfield code="9">1859</subfield>
  </datafield>
  <datafield tag="650" ind1="1" ind2="7">
    <subfield code="a">Amor</subfield>
    <subfield code="v">DVD</subfield>
    <subfield code="2">LEMB</subfield>
    <subfield code="9">1866</subfield>
  </datafield>
  <datafield tag="700" ind1="1" ind2=" ">
    <subfield code="a">Miyazaki, Hayao </subfield>
    <subfield code="d">1941-</subfield>
    <subfield code="e">productor</subfield>
    <subfield code="9">1854</subfield>
  </datafield>
  <datafield tag="700" ind1="1" ind2=" ">
    <subfield code="a">Suzuki, Tashao</subfield>
    <subfield code="d">1948-</subfield>
    <subfield code="e">productor</subfield>
    <subfield code="9">1867</subfield>
  </datafield>
  <datafield tag="942" ind1=" " ind2=" ">
    <subfield code="2">ddc</subfield>
    <subfield code="c">DVD</subfield>
  </datafield>
  <datafield tag="999" ind1=" " ind2=" ">
    <subfield code="c">9503</subfield>
    <subfield code="d">9503</subfield>
  </datafield>
  <datafield tag="952" ind1=" " ind2=" ">
    <subfield code="0">0</subfield>
    <subfield code="1">0</subfield>
    <subfield code="2">ddc</subfield>
    <subfield code="4">0</subfield>
    <subfield code="7">0</subfield>
    <subfield code="8">GEN</subfield>
    <subfield code="a">MEGUAMAL</subfield>
    <subfield code="b">MEGUAMAL</subfield>
    <subfield code="c">AV</subfield>
    <subfield code="d">2023-05-08</subfield>
    <subfield code="l">0</subfield>
    <subfield code="o">791.43 T14r</subfield>
    <subfield code="p">GUA003530</subfield>
    <subfield code="r">2023-05-08 00:00:00</subfield>
    <subfield code="t">Ej.1</subfield>
    <subfield code="w">2023-05-08</subfield>
    <subfield code="y">DVD</subfield>
  </datafield>
</record>
